Who Were Alive in 1850? - Statistics

General Stats
  • This quiz has been taken 32 times
  • The average score is 5 of 12
Answers on the Grid
Answers color-coded by a green-red scale on the quiz's grid according to % correct below.
Pocahontas
Charles Darwin
Benjamin Franklin
Pierre-Auguste Renoir
Catherine the Great
David Livingstone
Abraham Lincoln
Queen Victoria
Voltaire
Charles Dickens
Nikola Tesla
Woodrow Wilson
John D. Rockefeller
Scott Joplin
Marie Curie
James Joyce
Johannes Brahms
Karl Marx
Hồ Chí Minh
Billy the Kid
Otto von Bismarck
Pyotr Ilyich Tchaikovsky
Simón Bolívar
Thomas Edison
 
Answer Stats
Answer % Correct
1809–1865 Abraham Lincoln
76%
1809–1882 Charles Darwin
76%
1819–1901 Queen Victoria
71%
1812–1870 Charles Dickens
62%
1813–1873 David Livingstone
48%
1818–1883 Karl Marx
48%
1815–1898 Otto von Bismarck
43%
1847–1931 Thomas Edison
33%
1833–1897 Johannes Brahms
29%
1840–1893 Pyotr Ilyich Tchaikovsky
29%
1839–1937 John D. Rockefeller
24%
1841–1919 Pierre-Auguste Renoir
5%
No matching quizzes found
Score Distribution
Percent of People with Each Score
Percentile by Number Answered
Your Score History
You have not taken this quiz